[Event "Managua Hurtado Memorial 18th"]
[Site "Managua"]
[Date "2018.12.30"]
[Round "9"]
[White "Guevara, Eduardo"]
[Black "Useda Bodan, Jesus Ernesto"]
[Result "0-1"]
[WhiteElo "1510"]
[BlackElo "1377"]
[PlyCount "70"]
[EventDate "2018.12.26"]
[EventType "swiss"]
[EventRounds "9"]
[EventCountry "NCA"]
[SourceTitle "EXT 2020"]
[Source "ChessBase"]
[SourceDate "2019.10.17"]
[SourceVersion "1"]
[SourceVersionDate "2019.10.17"]
[SourceQuality "1"]

1. e4 e5 2. Nf3 Nc6 3. d3 Bc5 4. g3 Nf6 5. Bg2 d6 6. 0-0 0-0 7. c3 Bg4 8. h3 Bh5 9. g4 Bg6 10. Nh4 Kh8 11. Nxg6+ fxg6 12. g5 Nd7 13. Kh1 Rxf2 14. Rxf2 Bxf2 15. b4 Qf8 16. b5 Ne7 17. Nd2 Be3 18. Nf3 Bf4 19. Qe2 d5 20. Bxf4 Qxf4 21. exd5 Nxd5 22. c4 Ne3 23. Re1 Nxg2 24. Kxg2 Re8 25. d4 e4 26. Nd2 Qxg5+ 27. Kh1 Nf6 28. Rf1 h5 29. Kh2 e3 30. Nf3 Qf4+ 31. Kh1 Qe4 32. Kh2 Qe7 33. Ne5 Kh7 34. Qxe3 Nd7 35. Rf7 Qxf7 0-1

[Event "Managua Hurtado Memorial 18th"]
[Site "Managua"]
[Date "2018.12.29"]
[Round "7"]
[White "Salgado, Wilbert"]
[Black "Guevara, Eduardo"]
[Result "1-0"]
[WhiteElo "1652"]
[BlackElo "1510"]
[PlyCount "77"]
[EventDate "2018.12.26"]
[EventType "swiss"]
[EventRounds "9"]
[EventCountry "NCA"]
[SourceTitle "EXT 2020"]
[Source "ChessBase"]
[SourceDate "2019.10.17"]
[SourceVersion "1"]
[SourceVersionDate "2019.10.17"]
[SourceQuality "1"]

1. d4 Nf6 2. Bf4 g6 3. e3 Bg7 4. Bd3 0-0 5. c3 d6 6. Nf3 Nbd7 7. Bg3 Re8 8. e4 e5 9. Nbd2 a5 10. h3 Nh5 11. 0-0 Nf4 12. Bxf4 exf4 13. Nh2 g5 14. g4 fxg3 15. fxg3 Nf6 16. g4 b6 17. Qc2 Bb7 18. Rae1 Qd7 19. e5 dxe5 20. dxe5 Nd5 21. Bxh7+ Kh8 22. Bf5 Qc6 23. Nhf3 Nf4 24. Be4 Qc5+ 25. Kh2 Bxe4 26. Qxe4 f6 27. Nb3 Qe7 28. Nbd4 fxe5 29. Nf5 Qf6 30. Re3 Rad8 31. Rf2 Rd6 32. Kg3 Rde6 33. Rd2 Qf7 34. Nxg5 Qe7 35. Nxe6 Qxe6 36. Rd1 Qxa2 37. Nxg7 Kxg7 38. Rd7+ Kf6 39. Qf5# 1-0

[Event "Managua Hurtado Memorial 18th"]
[Site "Managua"]
[Date "2018.12.27"]
[Round "2"]
[White "Escorcia Obando, Carlos David"]
[Black "Guevara, Eduardo"]
[Result "1-0"]
[WhiteElo "1750"]
[BlackElo "1510"]
[PlyCount "45"]
[EventDate "2018.12.26"]
[EventType "swiss"]
[EventRounds "9"]
[EventCountry "NCA"]
[SourceTitle "EXT 2020"]
[Source "ChessBase"]
[SourceDate "2019.10.17"]
[SourceVersion "1"]
[SourceVersionDate "2019.10.17"]
[SourceQuality "1"]

1. e4 g6 2. d4 Bg7 3. Nf3 d5 4. exd5 Nf6 5. c4 Bg4 6. Be2 c6 7. dxc6 Nxc6 8. Be3 Qa5+ 9. Nc3 Ne4 10. Qd3 Bf5 11. 0-0 Ng3 12. Qd2 Nxf1 13. Rxf1 0-0 14. d5 Ne5 15. Nd4 Bd7 16. f4 Ng4 17. Bxg4 Bxg4 18. f5 Bh5 19. h3 gxf5 20. Nxf5 Bf6 21. Bd4 Bxd4+ 22. Qxd4 Qb6 23. Nxe7# 1-0